[Event "Hessen-ch Gr-F 62nd"]
[Site "Hanau"]
[Date "2008.03.22"]
[Round "3"]
[White "Schumann, Ann Kathrin"]
[Black "Greif, Gavin"]
[Result "0-1"]
[WhiteElo "753"]
[BlackElo "1205"]
[PlyCount "68"]
[EventDate "2008.03.21"]
[EventType "swiss"]
[EventRounds "5"]
[EventCountry "GER"]
[SourceTitle "CBM 123 Extra"]
[Source "ChessBase"]
[SourceDate "2008.05.06"]
[SourceVersion "1"]
[SourceVersionDate "2008.05.06"]
[SourceQuality "1"]

1. d4 d5 2. c4 e6 3. Nc3 Nf6 4. Nf3 c6 5. Bg5 Qa5 6. Bxf6 gxf6 7. a3 Nd7 8. b4 Qc7 9. e3 Rg8 10. g3 Nb6 11. c5 Nc4 12. e4 Bd7 13. Qb3 Bg7 14. Bxc4 dxc4 15. Qxc4 Rd8 16. d5 e5 17. d6 Qb8 18. h4 b6 19. Rb1 Be6 20. Qd3 Qc8 21. b5 Bf8 22. bxc6 Qxc6 23. Qb5 Qxb5 24. Nxb5 bxc5 25. Nc7+ Kd7 26. Nxe6 Kxe6 27. Rb7 Bxd6 28. Rxa7 Rb8 29. 0-0 c4 30. Nd2 c3 31. Nc4 c2 32. Rc1 Rb1 33. Rxb1 cxb1Q+ 34. Kg2 Qxe4+ 0-1